LEADER 01154nam0-22003251i-450- 001 990001801830403321 005 20040224160950.0 035 $a000180183 035 $aFED01000180183 035 $a(Aleph)000180183FED01 035 $a000180183 100 $a20030910d1996----km-y0itay50------ba 101 0 $aita 200 1 $aAnalisi vegetazionale delle leccette di pula e dei settefratelli (Sardegna meridionale)$fElisabetta Romagnoni, Alessandro Bezzi, Giuseppe Pignatti 210 $aVillazzano di Trento$cISAFA$d1996 215 $ap. 49-57$d30 cm 225 1 $aComunicazioni di ricerca$fIstituto sperimentale per l'assestamento forestale e per l'alpicoltura$v96-1 610 0 $aQuercus 610 0 $aQuercus ilex 676 $a634.972 1 700 1$aRomagnoni,$bElisabetta$0357146 701 1$aBezzi,$bAlessandro$079016 701 1$aPignatti,$bGiuseppe$079097 801 0$aIT$bUNINA$gRICA$2UNIMARC 901 $aBK 912 $a990001801830403321 952 $a60 634.95 A 3/96-1C$b6034$fFAGBC 959 $aFAGBC 996 $aAnalisi vegetazionale delle leccette di pula e dei settefratelli (Sardegna meridionale$9411260 997 $aUNINA LEADER 01902nam 2200625Ia 450 001 9910782647103321 005 20230207230005.0 010 $a9786612269004 010 $a0-299-17293-7 010 $a1-282-26900-3 035 $a(CKB)1000000000713358 035 $a(OCoLC)648386415 035 $a(CaPaEBR)ebrary10409684 035 $a(SSID)ssj0000276751 035 $a(PQKBManifestationID)11219870 035 $a(PQKBTitleCode)TC0000276751 035 $a(PQKBWorkID)10226092 035 $a(PQKB)11326743 035 $a(MiAaPQ)EBC3445049 035 $a(MdBmJHUP)muse12122 035 $a(Au-PeEL)EBL3445049 035 $a(CaPaEBR)ebr10409684 035 $a(EXLCZ)991000000000713358 100 $a20010330d2001 uy 0 101 0 $aeng 135 $aurcn||||||||| 181 $ctxt 182 $cc 183 $acr 200 10$aAIDS in French culture$b[electronic resource] $esocial ills, literary cures /$fDavid Caron 210 $aMadison, WI $cUniversity of Wisconsin Press$d2001 215 $a1 online resource (216 p.) 300 $aBibliographic Level Mode of Issuance: Monograph 311 $a0-299-17294-5 320 $aIncludes bibliographical references and index. 606 $aAIDS (Disease)$xSocial aspects$zFrance 606 $aMetaphor 606 $aAIDS (Disease) in literature 606 $aLiterature and medicine$zFrance 606 $aHomosexuality$zFrance 607 $aFrance$xCivilization 615 0$aAIDS (Disease)$xSocial aspects 615 0$aMetaphor. 615 0$aAIDS (Disease) in literature. 615 0$aLiterature and medicine 615 0$aHomosexuality 676 $a362.1/969792/00944 700 $aCaron$b David$0919981 801 0$bMiAaPQ 801 1$bMiAaPQ 801 2$bMiAaPQ 906 $aBOOK 912 $a9910782647103321 996 $aAIDS in French culture$93849764 997 $aUNINA LEADER 02387nam 2200541Ia 450 001 9910785562703321 005 20230607231121.0 010 $a0-7914-9154-4 035 $a(CKB)2670000000233653 035 $a(EBL)3407904 035 $a(SSID)ssj0000778193 035 $a(PQKBManifestationID)12276951 035 $a(PQKBTitleCode)TC0000778193 035 $a(PQKBWorkID)10763040 035 $a(PQKB)10703723 035 $a(MiAaPQ)EBC3407904 035 $a(Au-PeEL)EBL3407904 035 $a(CaPaEBR)ebr10587102 035 $a(OCoLC)811403857 035 $a(EXLCZ)992670000000233653 100 $a20000403d2001 ub 0 101 0 $aeng 135 $aur|n|---||||| 181 $ctxt 182 $cc 183 $acr 200 10$aAnaximander and the architects$b[electronic resource] $ethe contributions of Egyptian and Greek architectural technologies to the origins of Greek philosophy /$fRobert Hahn 210 $aAlbany $cState University of New York Press$dc2001 215 $a1 online resource (352 p.) 225 0$aSUNY series in ancient Greek philosophy 300 $aDescription based upon print version of record. 311 $a0-7914-4793-6 320 $aIncludes bibliographical references (p. 295-314) and index. 327 $a""Anaximander and the Architects""; ""Contents""; ""Illustrations""; ""Preface""; ""Introduction""; ""1. Anaximander and the Origins of Greek Philosophy""; ""2. The Ionian Philosophers and Architects""; ""3. The Techniques of the Ancient Architects""; ""4. Anaximandera???s Techniques""; ""5. Technology as Politics: The Origins of Greek Philosophy in Its Sociopolitical Context""; ""Notes""; ""Bibliography""; ""Index""; ""A""; ""B""; ""C""; ""D""; ""E""; ""F""; ""G""; ""H""; ""I""; ""J""; ""K""; ""L""; ""M""; ""N""; ""O""; ""P""; ""R""; ""S""; ""T""; ""U""; ""V""; ""W""; ""X""; ""Z"" 410 0$aSUNY Series in Ancient Greek Philosophy 606 $aArchitecture, Ancient$zEgypt$xInfluence 606 $aArchitecture, Ancient$zGreece$xInfluence 615 0$aArchitecture, Ancient$xInfluence. 615 0$aArchitecture, Ancient$xInfluence. 676 $a182 700 $aHahn$b Robert$f1952-$01510634 801 0$bMiAaPQ 801 1$bMiAaPQ 801 2$bMiAaPQ 906 $aBOOK 912 $a9910785562703321 996 $aAnaximander and the architects$93743432 997 $aUNINA